Emerging adulthood in medical school. Gender, school-related factors and Big five traits related to medical students' quarter-life crisis

Elmentve itt :
Bibliográfiai részletek
Szerzők: Hamvai Csaba
Baricz Dániel
Pócs Dávid
Kelemen Oguz
Dokumentumtípus: Cikk
Megjelent: 2024
Sorozat:MENTÁLHIGIÉNÉ ÉS PSZICHOSZOMATIKA 25 No. 1
Tárgyszavak:
doi:10.1556/0406.2024.00008

mtmt:34841919
Online Access:http://publicatio.bibl.u-szeged.hu/36016
LEADER 00907nab a2200253 i 4500
001 publ36016
005 20250217082622.0
008 250217s2024 hu o 000 eng d
022 |a 1419-8126 
024 7 |a 10.1556/0406.2024.00008  |2 doi 
024 7 |a 34841919  |2 mtmt 
040 |a SZTE Publicatio Repozitórium  |b hun 
041 |a eng 
100 1 |a Hamvai Csaba 
245 1 0 |a Emerging adulthood in medical school. Gender, school-related factors and Big five traits related to medical students' quarter-life crisis  |h [elektronikus dokumentum] /  |c  Hamvai Csaba 
260 |c 2024 
300 |a 56-68 
490 0 |a MENTÁLHIGIÉNÉ ÉS PSZICHOSZOMATIKA  |v 25 No. 1 
650 4 |a Klinikai orvostan 
650 4 |a Pszichológia 
700 0 1 |a Baricz Dániel  |e aut 
700 0 1 |a Pócs Dávid  |e aut 
700 0 1 |a Kelemen Oguz  |e aut 
856 4 0 |u http://publicatio.bibl.u-szeged.hu/36016/1/0406-article-p56.pdf  |z Dokumentum-elérés